[Event "IECC P-3946"]
[Site "IECC email"]
[Date "2005.06.01"]
[Round "?"]
[White "Etten, Ben"]
[Black "Suriani, Cristiano"]
[Result "0-1"]
[WhiteElo "856"]
[BlackElo "972"]
[PlyCount "64"]
[EventDate "2005.??.??"]
[EventType "tourn (corr)"]
[EventRounds "1"]
[SourceTitle "Corr 2008"]
[Source "ChessBase"]
[SourceDate "2008.06.24"]
[SourceVersion "1"]
[SourceVersionDate "2008.06.24"]
[SourceQuality "1"]

1. e4 e5 2. Nf3 d6 3. d4 exd4 4. Qxd4 Nc6 5. Qa4 Bd7 6. Bg5 f6 7. Bh4 Ne5 8. Qb3 Nxf3+ 9. Qxf3 Nh6 10. Bc4 Qe7 11. 0-0 0-0-0 12. Re1 g5 13. Ba6 Bc6 14. Qh3+ g4 15. Qa3 bxa6 16. Qxa6+ Bb7 17. Qxa7 d5 18. e5 d4 19. Bxf6 Qb4 20. c3 Qxb2 21. Na3 Bxa3 22. Reb1 dxc3 23. e6 Rd6 24. Rxb2 Bxb2 25. Bxh8 Bxa1 26. Kf1 Rxe6 27. Qa3 Ba6+ 28. Qxa6+ Rxa6 29. Ke2 c2 30. Kd2 Rc6 31. Bxa1 c1Q+ 32. Kd3 Qxa1 0-1

[Event "P-3926"]
[Site "IECC email"]
[Date "2005.04.28"]
[Round "?"]
[White "Etten, Ben"]
[Black "Forsyth, Mark"]
[Result "1-0"]
[WhiteElo "844"]
[BlackElo "895"]
[PlyCount "33"]
[EventDate "2005.??.??"]
[EventType "tourn (corr)"]
[SourceTitle "Corr 2020"]
[Source "ChessBase"]
[SourceDate "2019.09.30"]
[SourceVersion "1"]
[SourceVersionDate "2019.09.30"]
[SourceQuality "1"]
[WhiteTeam "United States"]
[BlackTeam "England"]
[WhiteTeamCountry "USA"]
[BlackTeamCountry "ENG"]

1. e4 e5 2. Nc3 d6 3. Bc4 Nf6 4. d3 Nc6 5. Nf3 Ng4 6. Ng5 Be7 7. Nxf7 Qd7 8. Nxh8 Nh6 9. Qh5+ Kf8 10. Bxh6 Bf6 11. Bg5 g6 12. Qh6+ Bg7 13. Nxg6+ Ke8 14. Qxh7 Qg4 15. Qg8+ Kd7 16. Qxg7+ Ke8 17. Qf7# 1-0

[Event "IECC CL8-2005.01 email"]
[Site "IECC email"]
[Date "2005.01.12"]
[Round "?"]
[White "Baznik Wilson, Anthony J"]
[Black "Etten, Ben"]
[Result "0-1"]
[WhiteElo "697"]
[BlackElo "834"]
[PlyCount "58"]
[EventDate "2005.??.??"]
[EventType "tourn (corr)"]
[EventRounds "4"]
[SourceTitle "Corr 2020"]
[Source "ChessBase"]
[SourceDate "2019.09.30"]
[SourceVersion "1"]
[SourceVersionDate "2019.09.30"]
[SourceQuality "1"]
[WhiteTeam "United States"]
[BlackTeam "United States"]
[WhiteTeamCountry "USA"]
[BlackTeamCountry "USA"]

1. e4 d5 2. d3 d4 3. Nf3 Nf6 4. Bg5 Bg4 5. c3 e6 6. Qa4+ c6 7. Be2 Qb6 8. 0-0 Bc5 9. b4 dxc3 10. Nxc3 Bxb4 11. Rfc1 Bxc3 12. Rxc3 Bh5 13. Rb3 Qa6 14. Rb4 b5 15. Qb3 Nbd7 16. d4 Nxe4 17. Bd3 Bxf3 18. Bf4 0-0 19. gxf3 Nef6 20. d5 Nxd5 21. Bd6 Nxb4 22. Qxb4 Qb7 23. Qb1 Rfe8 24. Bxh7+ Kh8 25. a4 Nf6 26. a5 Nxh7 27. Be5 f6 28. a6 Qf7 29. Qe4 fxe5 0-1

[Event "IECC M email"]
[Site "IECC email"]
[Date "2003.06.19"]
[Round "?"]
[White "Lafargue, Philippe"]
[Black "Etten, Ben"]
[Result "1-0"]
[WhiteElo "844"]
[BlackElo "835"]
[PlyCount "87"]
[EventDate "2003.??.??"]
[EventType "tourn (corr)"]
[EventRounds "6"]
[SourceTitle "Corr 2008"]
[Source "ChessBase"]
[SourceDate "2008.06.24"]
[SourceVersion "1"]
[SourceVersionDate "2008.06.24"]
[SourceQuality "1"]

1. e4 d5 2. exd5 Qxd5 3. Nc3 Qd8 4. d4 g6 5. Nf3 e6 6. Bf4 Bd6 7. Qd2 h6 8. 0-0-0 c6 9. Re1 Bxf4 10. Qxf4 Qf6 11. Qe5 Nd7 12. Qd6 Qe7 13. Qxe7+ Nxe7 14. Bd3 h5 15. Re4 f5 16. Rh4 Nf6 17. h3 Nfd5 18. g4 b5 19. a3 a5 20. Ne2 Ba6 21. gxf5 exf5 22. Re1 Rh6 23. Ng5 Ng8 24. Nf4+ Kd7 25. Re6 Re8 26. Rxg6 c5 27. Rxh6 Nxh6 28. Rxh5 Nxf4 29. Rxh6 Ne2+ 30. Bxe2 Rxe2 31. Rxa6 c4 32. Rxa5 f4 33. f3 Rg2 34. Rxb5 Kc6 35. Rc5+ Kd6 36. Ne4+ Ke6 37. d5+ Kd7 38. d6 Re2 39. Rc7+ Kd8 40. Nc5 c3 41. Nb7+ Ke8 42. d7+ Kf7 43. d8Q+ Kg6 44. Qd3+ 1-0

[Event "IECC CL8-2003.06 email"]
[Site "IECC email"]
[Date "2003.03.26"]
[Round "?"]
[White "Etten, Ben"]
[Black "Smeulders, Thomas"]
[Result "0-1"]
[WhiteElo "805"]
[BlackElo "859"]
[PlyCount "78"]
[EventDate "2003.??.??"]
[EventType "tourn (corr)"]
[EventRounds "4"]
[SourceTitle "Corr 2008"]
[Source "ChessBase"]
[SourceDate "2008.06.24"]
[SourceVersion "1"]
[SourceVersionDate "2008.06.24"]
[SourceQuality "1"]

1. d4 e6 2. a3 Nc6 3. b4 d5 4. Qd2 Qf6 5. Bb2 b5 6. a4 Bxb4 7. c3 Bd6 8. g3 b4 9. h4 e5 10. Nf3 e4 11. Qg5 exf3 12. Qe3+ Nge7 13. Qxf3 Bf5 14. g4 Be4 15. g5 Qf5 16. Bh3 Bxf3 17. Bxf5 Bxh1 18. Bh3 Rb8 19. Bc1 0-0 20. f3 Bg3+ 21. Kf1 Bxh4 22. Kg1 Bxf3 23. exf3 f6 24. Be6+ Kh8 25. f4 fxg5 26. c4 dxc4 27. Bxc4 gxf4 28. d5 Nd4 29. Bb2 Nef5 30. Nd2 Rbe8 31. Nb3 Re2 32. Nxd4 Rxb2 33. Nc6 f3 34. Ra2 Rb1+ 35. Kh2 Bg3+ 36. Kh3 h5 37. Rh2 g5 38. Ne5 Bxe5 39. Bd3 g4# 0-1

[Event "IECC CL8-2003.06 email"]
[Site "IECC email"]
[Date "2003.03.26"]
[Round "?"]
[White "Etten, Ben"]
[Black "Walters, George"]
[Result "1-0"]
[WhiteElo "781"]
[BlackElo "995"]
[PlyCount "79"]
[EventDate "2003.??.??"]
[EventType "tourn (corr)"]
[EventRounds "4"]
[SourceTitle "Corr 2008"]
[Source "ChessBase"]
[SourceDate "2008.06.24"]
[SourceVersion "1"]
[SourceVersionDate "2008.06.24"]
[SourceQuality "1"]

1. d4 d5 2. Nc3 Na6 3. a3 Nh6 4. g3 e6 5. Nf3 Bd6 6. Ne5 f6 7. Nd3 0-0 8. Bg2 Nf5 9. Nb5 c6 10. Nxd6 Nxd6 11. Nc5 e5 12. 0-0 Nc7 13. h4 b6 14. dxe5 Ndb5 15. a4 Qe7 16. b4 bxc5 17. axb5 Qxe5 18. Bf4 Qe7 19. b6 Ne8 20. bxa7 Rxa7 21. Rxa7 Qxa7 22. Qa1 Qb7 23. bxc5 h6 24. Rb1 Qd7 25. Qa8 Nc7 26. Qa7 Nb5 27. Qb6 g5 28. Bd6 Re8 29. c4 Nc3 30. Rb2 Nxe2+ 31. Kh1 Qe6 32. Qxc6 gxh4 33. Bxd5 h3 34. Bxe6+ Rxe6 35. Qxc8+ Kg7 36. Qxe6 Nd4 37. Qe4 Ne6 38. Rb7+ Kg8 39. Qxe6+ Kh8 40. Qe8# 1-0